Documentos para el estudio de la reconquista y repoblación del valle del Ebro / (Record no. 183944)
[ view plain ]
| 000 -LEADER | |
|---|---|
| campo de control de longitud fija | 01244nam a2200301 i 4500 |
| 001 - NÚMERO DE CONTROL | |
| campo de control | 183944 |
| 003 - IDENTIFICADOR DE NÚMERO DE CONTROL | |
| campo de control | ES-MaACL |
| 005 - FECHA Y HORA DE LA ÚLTIMA TRANSACCIÓN | |
| campo de control | 20230906222016.0 |
| 008 - DATOS DE LONGITUD FIJA--INFORMACIÓN GENERAL | |
| campo de control de longitud fija | 141211m19821985sp h |||| | spa d |
| 020 ## - NÚMERO INTERNACIONAL ESTÁNDAR DEL LIBRO | |
| Número Internacional Estándar del Libro | 84-7013-191-5 |
| 080 ## - NÚMERO DE LA CLASIFICACIÓN DECIMAL UNIVERSAL | |
| Número de la Clasificación Decimal Universal | 946.52(262.2 Ebro)"10/11"(093.2) |
| 080 ## - NÚMERO DE LA CLASIFICACIÓN DECIMAL UNIVERSAL | |
| Número de la Clasificación Decimal Universal | 312(465.2:262.2 Ebro)"10/11" |
| 245 00 - MENCIÓN DEL TÍTULO | |
| Título | Documentos para el estudio de la reconquista y repoblación del valle del Ebro / |
| Mención de responsabilidad, etc. | [compilación] José Mª Lacarra ; índices por María Teresa Iranzo Muñío y María José Sánchez Usón. |
| 250 ## - MENCION DE EDICION | |
| Mención de edición | imp. por facsímil. |
| 260 ## - PUBLICACIÓN, DISTRIBUCIÓN, ETC. | |
| Lugar de publicación, distribución, etc. | Zaragoza : |
| Nombre del editor, distribuidor, etc. | Anubar, |
| Fecha de publicación, distribución, etc. | 1982-1985. |
| 300 ## - DESCRIPCIÓN FÍSICA | |
| Extensión | 2 v. ; |
| Dimensiones | 22 cm. |
| 490 1# - MENCIÓN DE SERIE | |
| Mención de serie | Textos medievales ; |
| Designación de volumen o secuencia | 62-63 |
| 500 ## - NOTA GENERAL | |
| Nota general | Índices. |
| 505 8# - NOTA DE CONTENIDO CON FORMATO | |
| Nota de contenido con formato | Contiene: v. 1 ; |
| Título | Números 1 a 319 - v. 2 ; |
| -- | Números 320 a 433. Índices |
| 650 #7 - PUNTO DE ACCESO ADICIONAL DE MATERIA--TÉRMINO DE MATERIA | |
| Término de materia o nombre geográfico como elemento de entrada | Colonización interior- |
| Subdivisión geográfica | Navarra (Reino)- |
| Subdivisión de forma | Fuentes. |
| 9 (RLIN) | 156049 |
| 650 #7 - PUNTO DE ACCESO ADICIONAL DE MATERIA--TÉRMINO DE MATERIA | |
| Término de materia o nombre geográfico como elemento de entrada | Colonización interior- |
| Subdivisión geográfica | Aragón (Reino)- |
| Subdivisión de forma | Fuentes. |
| 9 (RLIN) | 156050 |
| 700 1# - ENTRADA AGREGADA--NOMBRE PERSONAL | |
| Nombre de persona | Lacarra, José María ( |
| Fechas asociadas al nombre | 1907-1987) |
| 9 (RLIN) | 69329 |
| 700 1# - ENTRADA AGREGADA--NOMBRE PERSONAL | |
| Nombre de persona | Iranzo Muñío, María Teresa. |
| 9 (RLIN) | 156056 |
| 700 1# - ENTRADA AGREGADA--NOMBRE PERSONAL | |
| Nombre de persona | Sánchez Usón, María José. |
| 9 (RLIN) | 156057 |
| 830 0# - PUNTO DE ACCESO ADICIONAL DE SERIE-TÍTULO UNIFORME | |
| Título uniforme | Textos medievales ; |
| Designación de volumen o secuencia | 62-63 |
| 9 (RLIN) | 179970 |
| 852 ## - LOCALIZACIÓN | |
| Ubicación | ES-MaACL |
| Número de control de estantería | E-15449-50 |
| Nota libre | - enc. tela |
| Estatus retirado | Estado de pérdida | Estado de daño | No para préstamo | Biblioteca de origen | Biblioteca actual | Ubicación en estantería | Fecha de adquisición | Fuente de adquisición | Total de préstamos | Signatura topográfica completa | Código de barras | Visto por última vez | Precio de reemplazo | Tipo de ítem Koha |
|---|---|---|---|---|---|---|---|---|---|---|---|---|---|---|
| Biblioteca del Ateneo de Madrid | Biblioteca del Ateneo de Madrid | Depósito 2 | 11/12/2014 | E-15449-50 | 1193426 | 23/02/2023 | 23/02/2023 | Libro impreso |
